[Event "Barcelona Sant Marti op-B 24th"]
[Site "Barcelona"]
[Date "2024.07.15"]
[Round "3"]
[White "Fernandez Rodriguez, Pablo Joaqu"]
[Black "Ritter Aguilar, Jordi"]
[Result "1-0"]
[WhiteElo "1887"]
[BlackElo "1806"]
[PlyCount "89"]
[EventDate "2024.07.13"]
[EventType "swiss"]
[EventRounds "9"]
[EventCountry "ESP"]
[SourceTitle "EXT 2025"]
[Source "ChessBase"]
[SourceDate "2024.10.14"]
[SourceVersion "1"]
[SourceVersionDate "2024.10.14"]
[SourceQuality "1"]

1. e4 e5 2. Nf3 Nc6 3. Bc4 Be7 4. d4 exd4 5. Nxd4 d6 6. Nc3 Nf6 7. f3 Nxd4 8. Qxd4 c6 9. Be3 b5 10. Be2 0-0 11. 0-0 Bb7 12. Rad1 Qc7 13. Kh1 a6 14. Bf4 c5 15. Qf2 b4 16. Nd5 Nxd5 17. exd5 Bf6 18. Qg3 Rad8 19. Bg5 Qe7 20. Bxf6 Qxf6 21. b3 Rfe8 22. Bd3 Re5 23. Be4 g6 24. a3 a5 25. axb4 axb4 26. Qh3 Rh5 27. Qg3 Qe5 28. Qxe5 Rxe5 29. Ra1 Bxd5 30. Bd3 Be6 31. f4 Re3 32. Kg1 Bf5 33. Bxf5 gxf5 34. Kf2 Rc3 35. Ra2 d5 36. Re1 f6 37. Re7 d4 38. Raa7 Rxc2+ 39. Kg3 Rc3+ 40. Kh4 Re3 41. Rg7+ Kh8 42. Rxh7+ Kg8 43. Kh5 Re2 44. Rhg7+ Kh8 45. Kh6 1-0

[Event "Barcelona Sant Marti op-B 24th"]
[Site "Barcelona"]
[Date "2024.07.14"]
[Round "2"]
[White "Ritter Aguilar, Jordi"]
[Black "Hosadam Canals, Pau"]
[Result "1-0"]
[WhiteElo "1806"]
[BlackElo "1707"]
[PlyCount "61"]
[EventDate "2024.07.13"]
[EventType "swiss"]
[EventRounds "9"]
[EventCountry "ESP"]
[SourceTitle "EXT 2025"]
[Source "ChessBase"]
[SourceDate "2024.10.14"]
[SourceVersion "1"]
[SourceVersionDate "2024.10.14"]
[SourceQuality "1"]

1. e4 c5 2. f4 d6 3. Nc3 Nc6 4. Nf3 Nf6 5. Be2 Bd7 6. d4 cxd4 7. Nxd4 Qb6 8. Nb3 g6 9. a3 Bg7 10. Qd3 a6 11. Be3 Qc7 12. 0-0 0-0 13. Rad1 Bg4 14. Bxg4 Nxg4 15. Nd5 Qd8 16. Bb6 Qd7 17. c3 f5 18. Nc7 Rac8 19. Nd5 fxe4 20. Qxe4 Nf6 21. Nxf6+ Bxf6 22. Qd5+ Kg7 23. Nc5 Qg4 24. Ne6+ Kh6 25. Nxf8 Rxf8 26. Rfe1 g5 27. fxg5+ Bxg5 28. Rd3 Kg7 29. Rg3 Rf5 30. Rxg4 Rxd5 31. h4 1-0

[Event "Llinars del Valles Seniors op 2nd"]
[Site "Llinars del Valles"]
[Date "2024.04.10"]
[Round "1"]
[White "Orbeanu, Constantin"]
[Black "Ritter Aguilar, Jordi"]
[Result "1/2-1/2"]
[WhiteElo "1603"]
[BlackElo "1834"]
[PlyCount "86"]
[EventDate "2024.04.10"]
[EventType "swiss"]
[EventRounds "7"]
[EventCountry "ESP"]
[SourceTitle "CBM 220 Extra"]
[Source "ChessBase"]
[SourceDate "2024.07.31"]
[SourceVersion "1"]
[SourceVersionDate "2024.07.31"]
[SourceQuality "1"]

1. e4 e5 2. Nf3 Nc6 3. Bc4 Be7 4. d4 exd4 5. Nxd4 d6 6. 0-0 Nf6 7. Nc3 0-0 8. Nxc6 bxc6 9. Bd3 Nd7 10. Bf4 Bf6 11. Rb1 Rb8 12. Qd2 Ne5 13. Bxe5 Bxe5 14. f4 Bf6 15. b3 g6 16. Ne2 Bg7 17. Ng3 h5 18. f5 h4 19. Ne2 Kh7 20. fxg6+ fxg6 21. Rxf8 Qxf8 22. Rf1 Qe8 23. Nf4 Qe5 24. Qf2 Qd4 25. Kh1 Qxf2 26. Rxf2 Bg4 27. h3 Bd7 28. e5 Rf8 29. Rf3 Bf5 30. Bxf5 Rxf5 31. e6 Re5 32. Kg1 Kh6 33. g3 g5 34. Nd3 Rxe6 35. gxh4 gxh4 36. Rf4 Bf6 37. Nf2 Bg5 38. Ng4+ Kg6 39. Ra4 Re2 40. c4 d5 41. cxd5 cxd5 42. Rxa7 d4 43. Rxc7 d3 1/2-1/2

[Event "Barcelona Sant Marti op-B 23rd"]
[Site "Barcelona"]
[Date "2023.07.15"]
[Round "3"]
[White "Ritter Aguilar, Jordi"]
[Black "Vargas Drechsler, Manuel"]
[Result "0-1"]
[WhiteElo "1736"]
[BlackElo "1892"]
[PlyCount "74"]
[EventDate "2023.07.13"]
[EventType "swiss"]
[EventRounds "9"]
[EventCountry "ESP"]
[SourceTitle "CBM 215 Extra"]
[Source "ChessBase"]
[SourceDate "2023.09.30"]
[SourceVersion "1"]
[SourceVersionDate "2023.09.30"]
[SourceQuality "1"]

1. e4 e5 2. Nf3 Nc6 3. d4 exd4 4. Bc4 Nf6 5. e5 d5 6. Bb5 Ne4 7. Nxd4 Bc5 8. Be3 Bd7 9. Bxc6 bxc6 10. c3 Bb6 11. Nd2 Nxd2 12. Qxd2 0-0 13. 0-0 f6 14. f4 fxe5 15. fxe5 Qe7 16. Nf3 Bg4 17. Bxb6 axb6 18. Qd4 Bxf3 19. gxf3 Qg5+ 20. Kh1 Rf4 21. Qe3 Re8 22. Rae1 Re6 23. Rg1 Qf5 24. Rg3 c5 25. Qg1 g6 26. Rg5 Qf8 27. Qg2 Rxf3 28. Rg3 Rxg3 29. hxg3 c6 30. Kg1 Qf5 31. Qe2 Qh3 32. Qf3 Qf5 33. Qxf5 gxf5 34. Kf2 Kf7 35. Kf3 Rg6 36. Rh1 h6 37. Rh4 Ke6 0-1

[Event "Barcelona Vila de Grаcia op 16th"]
[Site "Barcelona"]
[Date "2022.11.11"]
[Round "7"]
[White "Benedetti, Julio"]
[Black "Ritter Aguilar, Jordi"]
[Result "1-0"]
[WhiteElo "2255"]
[BlackElo "1720"]
[PlyCount "94"]
[EventDate "2022.09.30"]
[EventType "swiss"]
[EventRounds "9"]
[EventCountry "ESP"]
[SourceTitle "EXT 2024"]
[Source "ChessBase"]
[SourceDate "2023.10.10"]
[SourceVersion "1"]
[SourceVersionDate "2023.10.10"]
[SourceQuality "1"]

1. e4 e5 2. Nf3 Nc6 3. Nc3 Nf6 4. Bb5 Bc5 5. 0-0 d6 6. d4 exd4 7. Nxd4 Bd7 8. Nb3 Bb6 9. Na4 h6 10. Nxb6 axb6 11. Re1 0-0 12. Bf1 Re8 13. f3 d5 14. exd5 Rxe1 15. Qxe1 Nxd5 16. Qg3 Qf6 17. c3 Ne5 18. c4 Nb4 19. Bd2 Nbc6 20. Bc3 Qg5 21. Qf2 Qg6 22. Kh1 Be6 23. Nd2 Rd8 24. a3 Nd3 25. Qe3 Nc5 26. Qf4 Na4 27. Ne4 f5 28. Ng3 Nxc3 29. bxc3 Qf7 30. Re1 g5 31. Qe3 Re8 32. Qd3 Rd8 33. Qe2 Re8 34. Qc2 f4 35. Ne4 Kg7 36. c5 Bf5 37. cxb6 cxb6 38. Bd3 Qg6 39. Qb2 Ne5 40. Bb5 Re6 41. c4 Kh7 42. Qd4 Nf7 43. Bd7 Re5 44. Bxf5 Qxf5 45. Qxb6 Re6 46. Qxb7 Kg6 47. Rd1 Qd5 1-0

[Event "Barcelona Sant Marti op-B 22nd"]
[Site "Barcelona"]
[Date "2022.07.21"]
[Round "9"]
[White "Montemar Mendoza, Armando Eduardo"]
[Black "Ritter Aguilar, Jordi"]
[Result "0-1"]
[WhiteElo "1518"]
[BlackElo "1676"]
[PlyCount "106"]
[EventDate "2022.07.13"]
[EventType "swiss"]
[EventRounds "9"]
[EventCountry "ESP"]
[SourceTitle "CBM 210 Extra"]
[Source "ChessBase"]
[SourceDate "2022.11.30"]
[SourceVersion "1"]
[SourceVersionDate "2022.11.30"]
[SourceQuality "1"]

1. d4 c5 2. e4 cxd4 3. c3 d3 4. Nf3 Nc6 5. Bxd3 d6 6. h3 Nf6 7. 0-0 e6 8. Bf4 Be7 9. c4 0-0 10. Nc3 b6 11. e5 dxe5 12. Nxe5 Bb7 13. Qc2 Nb4 14. Qd2 Nxd3 15. Qxd3 Qxd3 16. Nxd3 Rfd8 17. Rfd1 Ne4 18. Nxe4 Bxe4 19. Ne1 Bf6 20. f3 Bc6 21. Rab1 Rxd1 22. Rxd1 Bxb2 23. Kf2 Kf8 24. Rd6 Rc8 25. Rd2 Ba3 26. Nc2 Be7 27. Bd6 Ke8 28. Bxe7 Kxe7 29. Ne3 Rd8 30. Rxd8 Kxd8 31. Ng4 f6 32. Ke3 Ke7 33. Nf2 Kd6 34. Kd4 e5+ 35. Kc3 f5 36. a3 g6 37. Kb4 e4 38. fxe4 fxe4 39. Nd1 Ke5 40. Kc3 Kf4 41. Kd4 Kg3 42. Ne3 Kf2 43. h4 h5 44. a4 a5 45. g4 Kf3 46. gxh5 gxh5 47. Nf5 Bxa4 48. Ng7 e3 49. Ne6 e2 50. Ng5+ Kg2 51. c5 bxc5+ 52. Kxc5 e1Q 53. Kd4 Qxh4+ 0-1

[Event "Llinars del Valles op-A 13th"]
[Site "Llinars del Valles"]
[Date "2019.05.18"]
[Round "5"]
[White "Rojas Keim, Luis Alberto"]
[Black "Ritter Aguilar, Jordi"]
[Result "1-0"]
[WhiteElo "2341"]
[BlackElo "1828"]
[PlyCount "109"]
[EventDate "2019.03.30"]
[EventType "swiss"]
[EventRounds "8"]
[EventCountry "ESP"]
[SourceTitle "EXT 2020"]
[Source "ChessBase"]
[SourceDate "2019.10.17"]
[SourceVersion "1"]
[SourceVersionDate "2019.10.17"]
[SourceQuality "1"]

1. e4 e5 2. Nf3 Nc6 3. Bc4 Be7 4. d4 exd4 5. c3 d3 6. Qb3 Kf8 7. Bxf7 Na5 8. Qa4 c6 9. Bxg8 Kxg8 10. Qd1 d5 11. Qxd3 Be6 12. 0-0 dxe4 13. Qxe4 Bd5 14. Qg4 h5 15. Qh3 Qc8 16. Qxc8+ Rxc8 17. Ne5 Kh7 18. Be3 Bd6 19. Nf3 Nc4 20. Nbd2 Nxb2 21. Rfb1 Ba3 22. Nd4 Na4 23. c4 Bb2 24. Rxb2 Nxb2 25. cxd5 cxd5 26. Rb1 Nc4 27. Rxb7 Nxd2 28. Bxd2 Rb8 29. Rb3 Rxb3 30. axb3 Rc8 31. Kf1 g6 32. Ke2 Kg7 33. Kd3 Kf7 34. Be3 a6 35. Nc2 Ke6 36. b4 Rc4 37. Bd2 Rc8 38. Nd4+ Kd7 39. Nf3 Kd6 40. Bc3 Re8 41. Bd4 Ke6 42. Bc5 Rc8 43. Kd4 Rf8 44. h4 Rd8 45. Ke3 Rc8 46. Kd4 Rd8 47. Ne5 Rf8 48. Nf3 Rd8 49. Ng5+ Kf6 50. g3 Rd7 51. Nh3 Kf5 52. Nf4 Rd8 53. Nd3 g5 54. hxg5 Rd7 55. g6 1-0

[Event "Sitges Sunway op-B 5th"]
[Site "Sitges"]
[Date "2018.12.16"]
[Round "3"]
[White "Garcia Ruiz, Adrian"]
[Black "Ritter Aguilar, Jordi"]
[Result "1-0"]
[WhiteElo "1977"]
[BlackElo "1846"]
[PlyCount "51"]
[EventDate "2018.12.14"]
[EventType "swiss"]
[EventRounds "10"]
[EventCountry "ESP"]
[SourceTitle "CBM 187 Extra"]
[Source "ChessBase"]
[SourceDate "2018.11.04"]
[SourceVersion "1"]
[SourceVersionDate "2018.11.04"]
[SourceQuality "1"]

1. e4 e5 2. Nf3 Nc6 3. Bb5 Bc5 4. c3 a6 5. Ba4 b5 6. Bb3 Qf6 7. 0-0 d6 8. d3 h6 9. a4 Bb7 10. axb5 axb5 11. Rxa8+ Bxa8 12. Na3 Na7 13. Qe2 c6 14. Be3 Bxe3 15. Qxe3 Qe7 16. Ra1 Qb7 17. d4 Ne7 18. dxe5 dxe5 19. Nc4 Nac8 20. Ncxe5 0-0 21. Nxf7 Rxf7 22. Ne5 Nd6 23. Nxf7 Nxf7 24. Qf3 Nd5 25. exd5 cxd5 26. Bxd5 1-0

[Event "Llinars del Valles op-A 12th"]
[Site "Llinars del Valles"]
[Date "2018.06.02"]
[Round "7"]
[White "Collazo Gibanel, Sergio"]
[Black "Ritter Aguilar, Jordi"]
[Result "0-1"]
[WhiteElo "1808"]
[BlackElo "1829"]
[PlyCount "110"]
[EventDate "2018.04.14"]
[EventType "swiss"]
[EventRounds "8"]
[EventCountry "ESP"]
[SourceTitle "CBM 184 Extra"]
[Source "ChessBase"]
[SourceDate "2018.06.28"]
[SourceVersion "1"]
[SourceVersionDate "2018.06.28"]
[SourceQuality "1"]

1. e4 e5 2. f4 d5 3. exd5 e4 4. d3 f5 5. dxe4 fxe4 6. Be3 Nf6 7. Bb5+ c6 8. dxc6 Qxd1+ 9. Kxd1 Nxc6 10. Bxc6+ bxc6 11. h3 Ba6 12. Nc3 0-0-0+ 13. Kc1 Nd5 14. Nxd5 Rxd5 15. h4 Be7 16. g3 Rhd8 17. Nh3 Be2 18. Nf2 Bf3 19. Re1 Kb7 20. a3 Bf6 21. Rb1 Bd4 22. b4 Bc3 23. Rg1 Bd2+ 24. Bxd2 Rxd2 25. Nd3 Rh2 26. Nc5+ Kc8 27. Re1 Rdd2 28. Rb2 Rdg2 29. Kb1 Re2 30. Rxe2 Rxe2 31. c3 Re1+ 32. Kc2 Bd1+ 33. Kc1 Bf3+ 34. Kc2 Rg1 35. Ne6 Rxg3 36. Nd4 Rg2+ 37. Kb3 Bd1+ 38. Ka2 Rg3 39. Rd2 Bh5 40. Nf5 e3 41. Rh2 Rf3 42. Re2 Rf2 43. Rxf2 exf2 44. Ng3 Be2 45. Kb3 f1Q 46. Nxf1 Bxf1 47. c4 Kd7 48. c5 a6 49. Kc3 Ke6 50. a4 Kf5 51. b5 axb5 52. a5 b4+ 53. Kxb4 Kxf4 54. Kc3 Kg4 55. Kd4 Kf4 0-1

[Event "Llinars del Valles op-A 12th"]
[Site "Llinars del Valles"]
[Date "2018.05.05"]
[Round "4"]
[White "Salvans Serra, Arnau"]
[Black "Ritter Aguilar, Jordi"]
[Result "1-0"]
[WhiteElo "1686"]
[BlackElo "1829"]
[PlyCount "101"]
[EventDate "2018.04.14"]
[EventType "swiss"]
[EventRounds "8"]
[EventCountry "ESP"]
[SourceTitle "CBM 184 Extra"]
[Source "ChessBase"]
[SourceDate "2018.06.28"]
[SourceVersion "1"]
[SourceVersionDate "2018.06.28"]
[SourceQuality "1"]

1. d4 d5 2. Bf4 e6 3. e3 c5 4. c3 Nc6 5. Nf3 Be7 6. Nbd2 Nf6 7. h3 0-0 8. Bd3 Nd7 9. Ne5 Ndxe5 10. dxe5 f5 11. Nf3 Bd7 12. 0-0 Be8 13. Bh2 Bh5 14. Bb5 a6 15. Bxc6 bxc6 16. Qa4 Qb6 17. b3 Qb5 18. Qa3 Rf7 19. Qc1 Raf8 20. Nd2 g5 21. f4 g4 22. hxg4 fxg4 23. Bg3 Bg6 24. c4 Qb8 25. Qd1 Bf5 26. Qe2 Qd8 27. Rad1 h5 28. e4 Bh7 29. exd5 cxd5 30. cxd5 exd5 31. Nc4 Rg7 32. Ne3 d4 33. f5 Bg5 34. f6 Rb7 35. Nxg4 d3 36. Qf3 Rb4 37. Nf2 Qd4 38. Qxh5 Be3 39. Qh3 Qg4 40. Qxg4+ Rxg4 41. Kh2 Bxf2 42. Bxf2 Kf7 43. Bxc5 Rfg8 44. Rf2 Be4 45. Rdd2 Rh4+ 46. Kg1 Rgh8 47. Rf1 R8h7 48. Bd6 Rg4 49. a4 Rh3 50. e6+ Kxe6 51. f7 1-0

[Event "Llinars del Valles op 11th"]
[Site "Llinars del Valles"]
[Date "2017.05.27"]
[Round "6"]
[White "Ritter Aguilar, Jordi"]
[Black "Perales Galindo, Eduard"]
[Result "0-1"]
[WhiteElo "1856"]
[BlackElo "2185"]
[PlyCount "92"]
[EventDate "2017.04.22"]
[EventType "swiss"]
[EventRounds "9"]
[EventCountry "ESP"]
[SourceTitle "EXT 2018"]
[Source "ChessBase"]
[SourceDate "2017.10.13"]
[SourceVersion "1"]
[SourceVersionDate "2017.10.13"]
[SourceQuality "1"]

1. c4 c6 2. e4 d5 3. Nc3 dxe4 4. Nxe4 Nf6 5. Ng3 e5 6. Be2 Bc5 7. d3 Qb6 8. Nf3 Bxf2+ 9. Kf1 Bxg3 10. hxg3 e4 11. Ne5 Be6 12. d4 Nbd7 13. Bf4 Rd8 14. Nxd7 Rxd7 15. Be5 Qxb2 16. Qc1 Qxc1+ 17. Rxc1 Ke7 18. Rh4 Rhd8 19. Kf2 Bf5 20. g4 g5 21. Rhh1 Bg6 22. Ke3 Ne8 23. Rhd1 f6 24. Bg3 Ng7 25. c5 f5 26. Bd6+ Rxd6 27. cxd6+ Rxd6 28. g3 Ne6 29. gxf5 Bxf5 30. Bc4 Nc7 31. Rb1 b5 32. Bb3 a5 33. a3 a4 34. Ba2 Be6 35. Bxe6 Rxe6 36. Rbc1 Nd5+ 37. Ke2 e3 38. Rf1 Nb6 39. Rf5 h6 40. Rfc5 Kd7 41. Rf5 Nd5 42. Rf3 Kd6 43. Kd3 g4 44. Rf5 e2 45. Kd2 Ne3 46. Re5 Nc4+ 0-1

[Event "Llinars del Valles op 11th"]
[Site "Llinars del Valles"]
[Date "2017.04.29"]
[Round "2"]
[White "Ritter Aguilar, Jordi"]
[Black "Lorenzo de la Riva, Lazaro"]
[Result "0-1"]
[WhiteElo "1856"]
[BlackElo "2379"]
[PlyCount "48"]
[EventDate "2017.04.22"]
[EventType "swiss"]
[EventRounds "9"]
[EventCountry "ESP"]
[SourceTitle "EXT 2018"]
[Source "ChessBase"]
[SourceDate "2017.10.13"]
[SourceVersion "1"]
[SourceVersionDate "2017.10.13"]
[SourceQuality "1"]

1. c4 e5 2. Nc3 Nf6 3. Nf3 Nc6 4. g3 Nd4 5. Bg2 Nxf3+ 6. Bxf3 Bc5 7. 0-0 d6 8. d3 h6 9. Na4 0-0 10. Nxc5 dxc5 11. Be3 Qd6 12. Qd2 Ng4 13. Bxg4 Bxg4 14. f4 Rfe8 15. f5 f6 16. Rf2 e4 17. Rf4 h5 18. dxe4 Qxd2 19. Bxd2 Bxe2 20. b3 Rad8 21. Bc3 Rd3 22. Rc1 Bf3 23. Kf2 Bxe4 24. h3 Bc6 0-1

[Event "Cerdanyola del Valles op 24th"]
[Site "Cerdanyola del Valles"]
[Date "2016.10.01"]
[Round "1"]
[White "Fernandez Diaz Mascort, Miguel"]
[Black "Ritter Aguilar, Jordi"]
[Result "1-0"]
[WhiteElo "2077"]
[BlackElo "1853"]
[PlyCount "65"]
[EventDate "2016.10.01"]
[EventType "swiss"]
[EventRounds "8"]
[EventCountry "ESP"]
[SourceTitle "EXT 2018"]
[Source "ChessBase"]
[SourceDate "2017.10.13"]
[SourceVersion "1"]
[SourceVersionDate "2017.10.13"]
[SourceQuality "1"]

1. c4 Nf6 2. Nf3 g6 3. b3 Bg7 4. Bb2 0-0 5. d3 d6 6. g3 Nbd7 7. Bg2 a5 8. 0-0 Re8 9. a3 c6 10. Nc3 Nh5 11. Qc2 e5 12. e4 Nc5 13. b4 Ne6 14. Ne2 Bd7 15. c5 Qc7 16. Rad1 axb4 17. axb4 d5 18. Nd2 Nd4 19. Nxd4 exd4 20. exd5 cxd5 21. Rfe1 Ba4 22. Rxe8+ Bxe8 23. Bxd5 Ba4 24. Bb3 Bc6 25. Re1 Qd7 26. Ne4 Re8 27. Qd2 Qe7 28. g4 Kf8 29. gxh5 Qh4 30. Ng3 Be5 31. Qh6+ Kg8 32. Bxf7+ Kxf7 33. hxg6+ 1-0